|
|
|
|
| LEADER |
01466nam a22003257a 4500 |
| 001 |
30097 |
| 003 |
BD-DhAAL |
| 005 |
20151101122115.0 |
| 008 |
151101s2010 lu ab c b 001 0 eng d |
| 020 |
|
|
|a 9780133656053
|
| 020 |
|
|
|a 0133656055
|
| 040 |
|
|
|a BD-DhAAL
|c BD-DhAAL
|
| 041 |
|
|
|a eng
|
| 082 |
0 |
0 |
|2 23
|a 910.712
|
| 245 |
0 |
0 |
|a Prentice Hall world studies :
|b Europe and the americas
|
| 246 |
3 |
0 |
|a World studies
|
| 250 |
|
|
|a Indiana ed
|
| 260 |
|
|
|a Boston :
|b Pearson,
|c c2010
|
| 300 |
|
|
|a 852 p. :
|b bill., col. maps ;
|c 29 cm.
|
| 500 |
|
|
|a Program authors: Heidi Hayes Jacobs, Michal L. LeVasseur; special reading consultants: Kate Kinsella, Kevin Feldman, cartography consultant: Andrew Heritage
|
| 500 |
|
|
|a At head of title: Indiana
|
| 541 |
|
|
|e 30097
|
| 650 |
|
0 |
|a Geography
|x Study and teaching (Middle school)
|9 15824
|
| 650 |
|
0 |
|a Civilization
|x Study and teaching (Middle school)
|9 15825
|
| 700 |
1 |
|
|a Jacobs, Heidi Hayes
|9 15826
|
| 710 |
2 |
|
|a Pearson/Prentice Hall
|9 15827
|
| 942 |
|
|
|2 ddc
|c BK
|
| 999 |
|
|
|c 35984
|d 35984
|
| 952 |
|
|
|0 0
|1 0
|2 ddc
|4 0
|6 910_712000000000000_PRE
|7 0
|9 56536
|a BRACUL
|b BRACUL
|c GEN
|d 2015-11-01
|e BRAC Institute of Language (BIL)
|l 0
|o 910.712 PRE
|p 3010030097
|r 2015-11-01
|t 1
|w 2015-11-01
|y BK
|x Transferred from BIL to BRACUL on 06/06/22
|
| 952 |
|
|
|0 0
|1 0
|2 ddc
|4 0
|6 910_712000000000000_PRE
|7 0
|9 58944
|a SCL
|b SCL
|c GEN
|d 2016-05-08
|e Gift: The Asia Foundation
|l 2
|m 1
|o 910.712 PRE
|p 3020007596
|r 2016-11-24
|s 2016-11-10
|t 2
|w 2016-05-08
|y BK
|